| 000 | 00490nam a22001697a 4500 | ||
|---|---|---|---|
| 005 | 20251108175105.0 | ||
| 008 | 250721s9999 xx 000 0 ara d | ||
| 082 | 1 | 4 | _a787.8/بشي |
| 100 | 1 | _aبشير، جميل | |
| 245 | 1 | 0 | _aتعلم العود دون معلم / |
| 264 | 1 |
_aبيروت : _bالمكتبة الحديثة للطباعة والنشر، |
|
| 300 | _a183ص. | ||
| 650 | 1 | 7 | _aالآلات الوترية |
| 650 | 1 | 7 | _aالعود |
| 942 |
_2ddc _cBK |
||
| 999 |
_c125936 _d125936 |
||